000 00761nam a2200277Ia 4500
003 OSt
005 20220912151546.0
006 a|||||r|||| 00| 0
007 ta
008 220909b |||||||| |||| 00| 0 eng d
024 _a57376
037 _cTextual
040 _aCSL
_beng
_cCSL
041 _aeng
082 _aL35:4115, L4
100 _aNeth R Ed.
245 0 _aModern trends in human leukemia
260 _aNew York
_b Grune and Stratton
_c1974
300 _a366p.
_ccm.
650 _aLeukemia
700 _a Gallo R C Ed.
700 _a Spiegelman Sol Ed.
700 _a Stohlman F Ed.
942 _hL35:4115, L4
_cTEXL
_2CC
999 _c71338
_d71338